|
|
|
|
| LEADER |
01663nam a2200337 a 4500 |
| 001 |
GR-MES10251 |
| 008 |
060608s gr b 001 0 gre d |
| 020 |
|
|
|a 0929355164
|
| 040 |
|
|
|a GrPaTEI
|b gre
|c GR-PaULI
|
| 040 |
|
|
|a GrPaTEI
|b gre
|c GR-PaULI
|
| 082 |
|
0 |
|a 620.004 4
|
| 245 |
0 |
0 |
|a Instrumentation and measurement for environmental sciences /
|c edited by Zachary A. Henry ; Gerald C. Zoerb and Gerald S. Birth.
|
| 250 |
|
|
|a 3rd ed.
|
| 260 |
|
|
|a St. Joseph , Mich. USA :
|b American society of agricultural engineers,
|c c1991
|
| 300 |
|
|
|a 1τ. (ποικίλες σελιδαριθμήσεις ) :
|b εικ. ;
|c 28εκ.
|
| 490 |
0 |
|
|a Special publication (American Society of agricultural engineers)
|d 05-91
|
| 500 |
|
|
|a ''June 1991''
|
| 504 |
|
|
|a Περιλαμβάνει βιβλιογραφίες και ευρετήριο.
|
| 650 |
|
0 |
|a Engineering instruments
|
| 650 |
|
0 |
|a MEASUREMENT
|
| 650 |
|
4 |
|a ΜΕΤΡΗΣΕΙΣ
|
| 650 |
|
4 |
|a Μηχανολογία
|
| 650 |
|
4 |
|a Μηχανολογικά εργαλεία
|
| 700 |
1 |
|
|a Birth, Gerald S.
|
| 700 |
1 |
|
|a Henry, Zachary A.
|
| 700 |
1 |
|
|a Zoerb, Gerald C.
|
| 942 |
|
|
|2 ddc
|
| 952 |
|
|
|0 0
|1 0
|2 ddc
|4 0
|6 620_004000000000000_4_INS
|7 0
|9 269796
|a MSLG
|b MSLG
|c BSC
|d 2021-01-17
|e 24
|f 0
|g 0.00
|l 0
|o 620.004 4 INS
|p 2420000022172
|r 2021-01-17 00:00:00
|t 1
|w 2021-01-17
|y BK15
|x 20071005 0 ΓΑΒΡΙΝΑ 1
|x GrPaTEI
|
| 952 |
|
|
|0 0
|1 0
|2 ddc
|4 0
|6 620_004000000000000_4_INS
|7 0
|9 269797
|a MSLG
|b MSLG
|c BSC
|d 2021-01-17
|e 24
|f 0
|g 0.00
|l 0
|o 620.004 4 INS
|p 2420000020069
|r 2021-01-17 00:00:00
|t 1
|w 2021-01-17
|y BK15
|x BΟΥΚΕΛΑΤΟΣ ΤΜ ΜΥΠ
|x 20060608 0 1
|x GrPaTEI
|
| 971 |
|
|
|a .b25762989
|b 01-10-20
|c 13-09-16
|
| 999 |
|
|
|c 155740
|d 155740
|